Sports Quiz

Random Sports or Hockey Quiz

Pittsburgh Penguins Roster Quiz Stats

 Plays Quiz not verified by Sporcle

Challenge
Share
Tweet
Embed
Score 0/30 Timer 10:00
0 Plays Today
Number Player % Correct
87CROSBY
95.9%
71MALKIN
93.9%
81KESSEL
91.8%
58LETANG
85.7%
62HAGELIN
77.6%
43SHEARY
77.6%
30MURRAY
77.6%
72HORNQVIST
75.5%
13BONINO
69.4%
14KUNITZ
67.3%
28COLE
65.3%
3MAATTA
63.3%
17RUST
57.1%
6DALEY
53.1%
8DUMOULIN
46.9%
Number Player % Correct
16FEHR
38.8%
41SPRONG
38.8%
9DUPUIS
36.7%
51POULIOT
36.7%
4SCHULTZ
36.7%
23WILSON
34.7%
40SUNDQVIST
32.7%
34KUHNHACKL
30.6%
45ARCHIBALD
28.6%
35JARRY
24.5%
49SIMON
20.4%
11PORTE
8.2%
39DEA
6.1%
65OLEKSY
2%
44ERIXON
0%

You're not logged in!

Compare scores with friends on all Sporcle quizzes.
OR
Log In

You Might Also Like...

Show Comments

Extras

Created Aug 17, 2016ReportNominate
Tags:Hockey Quiz

Top Quizzes Today


Score Distribution

Your Account Isn't Verified!

In order to create a playlist on Sporcle, you need to verify the email address you used during registration. Go to your Sporcle Settings to finish the process.

Report this User

Report this user for behavior that violates our Community Guidelines.

Details: